| 000 | 01724nam a22002777a 4500 | ||
|---|---|---|---|
| 001 | 121291 | ||
| 008 | 221229s2021 xxk|||||o|||| 00| 0 eng d | ||
| 020 | _a9781783214167 | ||
| 041 | _aeng | ||
| 110 | _aRoyal Institution of Chartered Surveyors | ||
| 245 |
_aRisk, liability and insurance, _bRICS guidance note, UK _h[Electronic resource] |
||
| 250 | _a1st | ||
| 260 |
_aLondon, _bRoyal Institution of Chartered Surveyors, _cApril 2021 |
||
| 490 | _aRICS guidance note | ||
| 490 | _aRICS Practice Information | ||
| 500 | _aEffective from 1 April 2021 | ||
| 520 | _aThis guidance note is intended to assist both members and their clients in understanding the main risks and liabilities associated with surveying. It guides members in the negotiation of equitable contracts with clients and the avoidance of major risks and pitfalls. This guidance note was amended on 30th November 2021 to include paragraph 2.4.5 covering the subject of indemnities requested by a client, which had been omitted from the original version in error. Includes guidance on liability caps, third party reliance, terms and conditions, professional indemnity insurance. | ||
| 520 | _aThis document was originally published in April 2021 as an RICS guidance note and was reissued in October 2022 as RICS practice information. Appendix F on Construction Insurance was added in October 2023 | ||
| 650 | _aPROFESSIONAL STANDARDS | ||
| 650 | _aLIABILITY | ||
| 651 | _aUnited Kingdom | ||
| 690 |
_96249 _aInsurance |
||
| 710 | _aRoyal Institution of Chartered Surveyors | ||
| 856 |
_uhttps://www.rics.org/uk/upholding-professional-standards/standards-of-conduct/risk-liability-and-insurance/ _zAvailable free on RICS.org |
||
| 942 | _n0 | ||
| 999 |
_c121291 _d121291 |
||